000 01312cam a22002174a 4500
005 20250605164239.0
008 250528s ||||||||||||||||||||||||d
035 _a21257
020 _a9789604574902
040 _aGR-AtMCL
_bgre
_dGR-AtMCL
_eAACR2
245 1 _aB2B Management Εμπορικής Ταυτότητας / Με τη Συνεργασία της Ines Michi: Παρατίθενται 76 εικόνες και 7 πίνακες
250 _a
260 _bΜαλλιάρης-Παιδεία,
_c2012
300 _a352
520 _aΤο παρόν βιβλίο εξετάζει εις βάθος την τέχνη και την επιστήμη των βιομηχανικών προιόντων branding. Πρόλογος, Εισαγωγή, Γνωστός και Αναγνωρίσιμος ή Ένας Μεταξύ Πολλών, Αξίζει ή Όχι η Δημιουργία στον Τομέα B2B, Επιτάχυνση μέσω Branding, Ιστορίες Επιτυχίας του Branding στον τομέα B2B, Προσοχή στις Παγίδες του Branding, Μελλοντική Προοπτική, Βιβλιογραφία, Ιστότοποι.
700 1 _aKotler Philip
_91146
700 1 _aPfoertsch Waldemar
_97293
942 _cBK
999 _c6324
_d6324